Financial Management in the Local Government System: A Strategic Approach (Record no. 2876)

MARC details
000 -LEADER
fixed length control field 00382nam a22001337a 4500
008 - FIXED-LENGTH DATA ELEMENTS--GENERAL INFORMATION
fixed length control field 250404b |||||||| |||| 00| 0 eng d
020 ## - INTERNATIONAL STANDARD BOOK NUMBER
ISBN 978029435X
100 ## - MAIN ENTRY--AUTHOR
Author ISU O. Hamilton
245 ## - TITLE STATEMENT
Title Financial Management in the Local Government System: A Strategic Approach
260 ## - PUBLICATION, DISTRIBUTION, ETC. (IMPRINT)
Place of publication Ibadan
Name of publisher Spectrum Books Limited
Date of publication 2003
300 ## - COLLATION
Pagination xv, 399p.
942 ## - ADDED ENTRY ELEMENTS (KOHA)
Item type Books
050 ## - LIBRARY OF CONGRESS CALL NUMBER
Classification number HG4026
Item number .F36
Holdings
Source of classification or shelving scheme Not for loan Permanent location Current location Date acquired Accession No. Full call number Barcode. Koha item type
Library of Congress Classification   Samuel Ogbemudia Main Library, University of Abuja Samuel Ogbemudia Main Library, University of Abuja 04/04/2025 2008/37274 HG4026.F36 2025-1213 Books